Southville International School and Colleges
Your cart is empty.
  • Cart
  • Lists
    Public lists Eva Luna New books Lux_list list_1
    Your lists Log in to create your own lists
  • Log in to your account
  • Your cookies
  • Search history
Southville International School and Colleges
  • Advanced search
  • Recent comments
  • Most popular
  • Libraries

Log in to your account

Log in with GOOGLE


If you do not have an external account, but do have a local account, you can still log in:

  1. Home
  2. MARC view: The tools of biochemistry
Normal view MARC view ISBD view

The tools of biochemistry (Record no. 365386)

[ view plain ]
MARC details
000 -LEADER
fixed length control field 00590nam a22001937a 4500
003 - CONTROL NUMBER IDENTIFIER
control field 0
005 - DATE AND TIME OF LATEST TRANSACTION
control field 20230925140204.0
008 - FIXED-LENGTH DATA ELEMENTS--GENERAL INFORMATION
fixed length control field 230925b xxu||||| |||| 00| 0 eng d
020 ## - INTERNATIONAL STANDARD BOOK NUMBER
International Standard Book Number 978-93-94137-53-0
050 ## - LIBRARY OF CONGRESS CALL NUMBER
Classification number QP 519.7
Item number .J36 2023
100 ## - MAIN ENTRY--PERSONAL NAME
Personal name Jamal, Arshad
245 ## - TITLE STATEMENT
Title The tools of biochemistry
Statement of responsibility, etc Arshad Jamal
260 ## - PUBLICATION, DISTRIBUTION, ETC. (IMPRINT)
Place of publication, distribution, etc New Delhi, India
Name of publisher, distributor, etc Random Publications LLP
Date of publication, distribution, etc c2023.
300 ## - PHYSICAL DESCRIPTION
Extent x, 288 pages ;
Dimensions 25 cm.
500 ## - GENERAL NOTE
General note Biochemistry--technique.
504 ## - BIBLIOGRAPHY, ETC. NOTE
Bibliography, etc Includes bibliographical references and index.<br/>
650 ## - SUBJECT ADDED ENTRY--TOPICAL TERM
Topical term or geographic name as entry element Biochemistry--technique.
942 ## - ADDED ENTRY ELEMENTS (KOHA)
Source of classification or shelving scheme Library of Congress Classification
Koha item type Books
Holdings
Withdrawn status Lost status Source of classification or shelving scheme Damaged status Home library Current library Shelving location Date acquired Source of acquisition Sub Shelving location Total Checkouts Full call number Barcode Date last seen Price effective from Koha item type
    Library of Congress Classification   College Library College Library Reserve Section 09/25/2023 Library Fund     QP 519.7 .J36 2023 C23040 09/25/2023 09/25/2023 Books

The tools of biochemistry

APA

Jamal A., . (2023). The tools of biochemistry. New Delhi, India: Random Publications LLP.

Chicago

Jamal Arshad, . 2023. The tools of biochemistry. New Delhi, India: Random Publications LLP.

Harvard

Jamal A., . (2023). The tools of biochemistry. New Delhi, India: Random Publications LLP.

MLA

Jamal Arshad, . The tools of biochemistry. New Delhi, India: Random Publications LLP. 2023.

  • Place hold
  • Print
  • Cite
  • Add to your cart (remove)
  • Save record
    BIBTEX Dublin Core MARCXML MARC (non-Unicode/MARC-8) MARC (Unicode/UTF-8) MARC (Unicode/UTF-8, Standard) MODS (XML) RIS
  • More searches
    Search for this title in:
    Other Libraries (WorldCat) Other Databases (Google Scholar) Online Stores (Bookfinder.com) Open Library (openlibrary.org)

Exporting to Dublin Core...

SOUTHVILLE LIBRARY

Southville International School and Colleges Library

1281 Tropical Ave. Cor. Luxembourg St., BF Homes International, Las Pinas City

Tel. No. 8256374 / 252358 Loc. 117/146

Powered by Koha